[Event "FIDE World Cup (w)"]
[Site "Khanty-Mansiysk RUS"]
[Date "2012.11.17"]
[Round "3.1"]
[White "Ushenina, Anna"]
[Black "Pogonina, Natalia"]
[Result "1-0"]
[WhiteElo "2452"]
[BlackElo "2478"]
[EventDate "2012.11.11"]
[PlyCount "119"]

1.d4 Nf6 2.c4 e6 3.Nc3 Bb4 4.e3 O-O 5.Bd3 c5 6.Nf3 b6 7.O-O Bxc3 8.bxc3 
Bb7 9.Nd2 Nc6 10.Rb1 Qc7 11.Ba3 Rfe8 12.Re1 d6 13.f3 Rac8 14.Bb2 Ba6 15.
Rc1 Na5 16.Qe2 e5 17.e4 Nc6 18.d5 Na5 19.Nf1 b5 20.cxb5 c4 21.Bc2 Bxb5 22.
Rb1 Nb7 23.Ba3 a6 24.Bb4 Nc5 25.Ne3 Nfd7 26.Qd1 a5 27.Bxc5 Qxc5 28.Ba4 Rb8
29.Kf2 g6 30.Bxb5 Rxb5 31.Qa4 Reb8 32.Rxb5 Rxb5 33.Qxc4 Rb2+ 34.Re2 Qa3 
35.Qc8+ Nf8 36.Qc4 Rxe2+ 37.Kxe2 Qb2+ 38.Kd3 Kg7 39.Qb3 Qa1 40.Qa4 Qb1+ 
41.Kd2 Qb2+ 42.Qc2 Qb6 43.Qb3 Qd8 44.Qa3 h5 45.h3 h4 46.Nc4 Qg5+ 47.Ne3 
Qd8 48.c4 Qb6 49.c5 dxc5 50.Qb3 Qa6 51.a4 Qa7 52.Nc4 Qe7 53.Qc3 Qg5+ 54.
Ne3 Qg3 55.Ke2 Nd7 56.Qxa5 Nf6 57.Qe1 Qg5 58.Qd2 Qg3 59.Kd1 c4 60.Nf1 1-0

[Event "FIDE World Cup (w)"]
[Site "Khanty-Mansiysk RUS"]
[Date "2012.11.18"]
[Round "3.2"]
[White "Pogonina, Natalia"]
[Black "Ushenina, Anna"]
[Result "1/2-1/2"]
[WhiteElo "2478"]
[BlackElo "2452"]
[EventDate "2012.11.11"]
[PlyCount "109"]

1.e4 c5 2.Nf3 d6 3.d4 cxd4 4.Nxd4 Nf6 5.Nc3 a6 6.Be2 e5 7.Nb3 Be7 8.O-O 
O-O 9.Qd3 Be6 10.Nd5 Nxd5 11.exd5 Bc8 12.a4 Nd7 13.a5 f5 14.f4 Bf6 15.c3 
g6 16.Be3 Re8 17.fxe5 Bxe5 18.Bf2 Nf6 19.Bf3 Bd7 20.Nd4 Ne4 21.Bxe4 fxe4 
22.Qd2 Qe7 23.Rfe1 Rf8 24.c4 Rae8 25.Kh1 Qf6 26.Bg1 Qh4 27.Ne6 Rf5 28.Ra3 
e3 29.Raxe3 Qxc4 30.Re4 Qa2 31.Ng5 Ref8 32.Nf3 Qxb2 33.Qd3 Rxf3 34.gxf3 
Bf5 35.Rb1 Bxe4 36.Qxe4 Qa3 37.Rxb7 Rf4 38.Rb8+ Kg7 39.Rb7+ Kg8 40.Qe2 
Qxa5 41.Qd1 Rf7 42.Rb6 Qa3 43.Rb3 Qa2 44.Qd3 Qa4 45.Kg2 Kg7 46.Bf2 Rc7 47.
Rb6 a5 48.Ra6 Qc4 49.Qxc4 Rxc4 50.Bg3 a4 51.f4 Bxf4 52.Bxf4 Rxf4 53.Rxd6 
Rd4 54.Ra6 Rxd5 55.Rxa4 1/2-1/2

[Event "FIDE World Cup (w)"]
[Site "Khanty-Mansiysk RUS"]
[Date "2012.11.20"]
[Round "4.1"]
[White "Zhao Xue"]
[Black "Harika, Dronavalli"]
[Result "1/2-1/2"]
[WhiteElo "2565"]
[BlackElo "2512"]
[EventDate "2012.11.11"]
[PlyCount "69"]

1.d4 e6 2.c4 d5 3.Nc3 Be7 4.Nf3 Nf6 5.Bg5 h6 6.Bxf6 Bxf6 7.Qc2 dxc4 8.e3 
c5 9.Rd1 O-O 10.Bxc4 Nc6 11.O-O cxd4 12.exd4 Nxd4 13.Nxd4 Bxd4 14.Nb5 e5 
15.Nxd4 exd4 16.Qe4 Qf6 17.Qxd4 Qxd4 18.Rxd4 a6 19.Re1 b5 20.Bb3 Ra7 21.f3
Rc7 22.Rde4 a5 23.Re7 Rxe7 24.Rxe7 a4 25.Bd5 Rd8 26.Bxf7+ Kf8 27.Rc7 Rd2 
28.a3 Bf5 29.g4 Bb1 30.b4 axb3 31.Bxb3 Rd3 32.Bc2 Bxc2 33.Rxc2 Rxa3 34.Rc5
Rxf3 35.Rxb5 1/2-1/2

[Event "FIDE World Cup (w)"]
[Site "Khanty-Mansiysk RUS"]
[Date "2012.11.22"]
[Round "4.4"]
[White "Harika, Dronavalli"]
[Black "Zhao Xue"]
[Result "1/2-1/2"]
[WhiteElo "2512"]
[BlackElo "2565"]
[EventDate "2012.11.11"]
[PlyCount "169"]

1.g3 Nf6 2.Bg2 c5 3.c4 e6 4.Nf3 a6 5.Nc3 b6 6.d4 cxd4 7.Nxd4 Ra7 8.O-O Bb7
9.e4 d6 10.Be3 Nbd7 11.Nb3 Ra8 12.a4 Ne5 13.a5 Nxc4 14.Bxb6 Qd7 15.Qe2 Rc8
16.Rfd1 Qc6 17.Nd4 Qd7 18.Nb3 Qe7 19.Rd4 Ne5 20.Rad1 Nc6 21.R4d2 Nd7 22.
Na4 Qf6 23.f4 Qg6 24.Bf2 Be7 25.Nb6 Nxb6 26.axb6 O-O 27.e5 d5 28.Bf3 Rfd8 
29.Bh5 Qh6 30.Bf3 g6 31.Rc2 Qf8 32.Rdc1 Qe8 33.Nd4 Nb4 34.Rc7 a5 35.Qb5 
Na6 36.Qxe8+ Rxe8 37.Rxc8 Rxc8 38.Rxc8+ Bxc8 39.Nc6 Bb4 40.Be2 Kf8 41.Bxa6
Bxa6 42.Nxb4 axb4 43.Bc5+ Ke8 44.Bxb4 Kd7 45.Bc5 Kc6 46.b4 Kb5 47.Kf2 Kc4 
48.Ke3 Kc3 49.g4 Kc2 50.Bd4 Kb3 51.b5 Bc8 52.Kd3 Kb4 53.h4 h5 54.g5 Bb7 
55.Be3 Kxb5 56.Kc3 Ka4 57.Bc5 Ba6 58.Be3 Ka3 59.Bc5+ Ka2 60.Kc2 Bc8 61.Bd6
Bb7 62.Bc5 Ba6 63.Bd4 Ka3 64.Kc3 Ka4 65.Bc5 Kb5 66.Bd4 Bc8 67.Kb3 Bb7 68.
Kc3 Ka4 69.Bc5 Bc6 70.Bd4 Bb7 71.Bc5 Bc8 72.Bd4 Ka3 73.Bc5+ Ka2 74.Kc2 Ba6
75.Bd4 Ka3 76.Kc3 Ka4 77.Bc5 Ka5 78.Bd4 Kb5 79.Kb3 Bc8 80.Kc3 Bb7 81.Kb3 
Kc6 82.Kb4 Ba6 83.Ka5 Bb7 84.Kb4 Bc8 85.Ka5 1/2-1/2

[Event "FIDE World Cup (w)"]
[Site "Khanty-Mansiysk RUS"]
[Date "2012.11.20"]
[Round "4.1"]
[White "Kosintseva, Nadezhda"]
[Black "Ushenina, Anna"]
[Result "1/2-1/2"]
[WhiteElo "2539"]
[BlackElo "2452"]
[EventDate "2012.11.11"]
[PlyCount "85"]

1.e4 c5 2.Nf3 d6 3.d4 cxd4 4.Nxd4 Nf6 5.Nc3 a6 6.Bg5 Nbd7 7.Qe2 h6 8.Bh4 
g6 9.O-O-O e5 10.Nb3 Be7 11.f3 b5 12.a3 Qc7 13.Kb1 Kf8 14.g4 Bb7 15.Bf2 
Kg7 16.h4 Rab8 17.Be3 Nb6 18.Bc1 Nc4 19.Rd3 Ba8 20.Rg1 b4 21.axb4 Qb6 22.
Rg2 Qxb4 23.g5 hxg5 24.hxg5 Nd7 25.Rd1 Na3+ 26.bxa3 Qxc3 27.Bb2 Qc7 28.Qc4
Bc6 29.f4 Qb7 30.Rf2 Nb6 31.Qxa6 Qxa6 32.Bxa6 Na4 33.Bc4 Nxb2 34.Kxb2 exf4
35.Rxf4 f6 36.Ka2 Rhf8 37.Nd4 Bd7 38.Be6 Ba4 39.Rdf1 Rbe8 40.Bd5 Bd7 41.
Be6 Ba4 42.Bb3 Bd7 43.Be6 1/2-1/2

[Event "FIDE World Cup (w)"]
[Site "Khanty-Mansiysk RUS"]
[Date "2012.11.21"]
[Round "4.2"]
[White "Ushenina, Anna"]
[Black "Kosintseva, Nadezhda"]
[Result "1-0"]
[WhiteElo "2452"]
[BlackElo "2539"]
[EventDate "2012.11.11"]
[PlyCount "91"]

1.d4 Nf6 2.c4 e6 3.Nc3 Bb4 4.e3 O-O 5.Bd3 d5 6.Nf3 c5 7.O-O Nc6 8.a3 Bxc3 
9.bxc3 Qc7 10.cxd5 exd5 11.a4 Re8 12.Ba3 c4 13.Bc2 Bg4 14.Qe1 Bh5 15.Nh4 
Ng4 16.g3 Bg6 17.Nxg6 hxg6 18.Qd2 Na5 19.Rae1 Nf6 20.f3 Qc6 21.Qg2 Nb3 22.
e4 Qxa4 23.Bb2 Qb5 24.Bb1 dxe4 25.fxe4 Re6 26.Re2 Rae8 27.e5 Nd5 28.Qf3 f5
29.g4 f4 30.Be4 Rd8 31.Bxd5 Qxd5 32.Qxf4 Qd7 33.Ba3 Ra6 34.Bb4 Qe6 35.Qe4 
b5 36.Ref2 Ra1 37.Rxa1 Nxa1 38.Ra2 Nb3 39.Rxa7 Nc1 40.Re7 Qa6 41.Qf3 Kh8 
42.Qf7 Rg8 43.Ra7 Qc8 44.Qxg6 Ne2+ 45.Kf1 Nf4 46.Qg5 1-0

[Event "FIDE World Cup (w)"]
[Site "Khanty-Mansiysk RUS"]
[Date "2012.11.20"]
[Round "4.1"]
[White "Ju Wenjun"]
[Black "Huang Qian"]
[Result "1/2-1/2"]
[WhiteElo "2501"]
[BlackElo "2465"]
[EventDate "2012.11.11"]
[PlyCount "124"]

1.d4 Nf6 2.c4 g6 3.Nc3 Bg7 4.e4 d6 5.h3 O-O 6.Be3 c5 7.d5 e6 8.Bd3 exd5 9.
exd5 Na6 10.Nf3 Nb4 11.Bb1 b5 12.a3 Qa5 13.Nd2 bxc4 14.Nxc4 Qa6 15.axb4 
Qxa1 16.b5 Nd7 17.O-O Nb6 18.Nxd6 Qxb2 19.Nce4 c4 20.Bc5 Bd7 21.Re1 Bxb5 
22.Nxb5 Qxb5 23.Bxf8 Rxf8 24.d6 Rd8 25.Ba2 h6 26.Qc2 Qb2 27.Re2 Qxc2 28.
Rxc2 c3 29.Nxc3 Bxc3 30.Rxc3 Rxd6 31.Ra3 Rd7 32.h4 Kg7 33.g3 Rc7 34.Kg2 
Nd7 35.Ra5 Nc5 36.Ra3 Kf8 37.Bc4 h5 38.Ba2 Ne4 39.Bb1 Nd6 40.Bd3 Ke7 41.
Kf3 Nc8 42.Ra6 Nb6 43.Ra5 Nd7 44.Ke3 Nc5 45.Bc4 Nd7 46.Bd3 Nb8 47.Be4 a6 
48.f3 Rc3+ 49.Kd4 Rc1 50.Ke3 Rc3+ 51.Kd4 Rb3 52.Bd5 Rb6 53.Ra3 Nd7 54.Bc4 
Rd6+ 55.Ke3 Nc5 56.g4 hxg4 57.fxg4 Kf6 58.Ra2 Kg7 59.Rf2 Ne6 60.h5 gxh5 
61.gxh5 Ng5 62.Ra2 Kh6 1/2-1/2

[Event "FIDE World Cup (w)"]
[Site "Khanty-Mansiysk RUS"]
[Date "2012.11.21"]
[Round "4.2"]
[White "Huang Qian"]
[Black "Ju Wenjun"]
[Result "1/2-1/2"]
[WhiteElo "2465"]
[BlackElo "2501"]
[EventDate "2012.11.11"]
[PlyCount "33"]

1.Nf3 Nf6 2.c4 g6 3.g3 Bg7 4.Bg2 O-O 5.O-O d6 6.d4 Nc6 7.Nc3 a6 8.b3 Rb8 
9.Nd5 Bg4 10.Nxf6+ Bxf6 11.Bb2 Bg7 12.h3 Bxf3 13.Bxf3 Qd7 14.Bg2 e6 15.Qd2
d5 16.Rac1 Ne7 17.Rfd1 1/2-1/2

[Event "FIDE World Cup (w)"]
[Site "Khanty-Mansiysk RUS"]
[Date "2012.11.22"]
[Round "4.3"]
[White "Ju Wenjun"]
[Black "Huang Qian"]
[Result "1/2-1/2"]
[WhiteElo "2501"]
[BlackElo "2465"]
[EventDate "2012.11.11"]
[PlyCount "200"]

1.d4 Nf6 2.c4 g6 3.Nc3 Bg7 4.e4 d6 5.Bd3 O-O 6.Nge2 e5 7.d5 a5 8.O-O Na6 
9.Bg5 Qe8 10.Qd2 Bd7 11.f3 Kh8 12.b3 Ng8 13.Be3 f5 14.exf5 gxf5 15.f4 e4 
16.Bc2 Nf6 17.h3 Qe7 18.Rae1 c5 19.dxc6 bxc6 20.Rd1 Ne8 21.Na4 Rb8 22.Qxa5
Nb4 23.Bb1 Rg8 24.a3 Nd3 25.Bxd3 exd3 26.Rxd3 c5 27.Nac3 Bc6 28.Nd5 Bxd5 
29.cxd5 Nf6 30.Ng3 Nxd5 31.Bc1 Qf7 32.Qd2 Nf6 33.Nxf5 Ne4 34.Nxd6 Nxd6 35.
Rxd6 Rxb3 36.Rd7 Qf5 37.Qd5 Bd4+ 38.Kh2 Rxg2+ 39.Qxg2 Qxd7 40.Rf3 Rxf3 41.
Qxf3 Qf5 42.Qa8+ Kg7 43.Qg2+ Kf7 44.Bd2 Qc2 45.Ba5 Qxg2+ 46.Kxg2 c4 47.Kf3
c3 48.Ke2 c2 49.Kd2 Bb2 50.Kxc2 Bxa3 51.Kd3 Ke6 52.Ke4 Bb2 53.Bc7 Bc1 54.
Be5 Ba3 55.f5+ Kf7 56.Kf4 Bc1+ 57.Ke4 Bg5 58.Kf3 Bd2 59.Kg4 Bc1 60.Bf4 Bb2
61.Kg5 Ba3 62.Be3 Bb4 63.h4 Be7+ 64.Kg4 Ba3 65.Bd4 Bc1 66.Be5 Bd2 67.Bc7 
Bc1 68.Bd8 Bd2 69.Kh5 Bc1 70.Bg5 Ba3 71.Kh6 Kg8 72.Be3 Be7 73.Bg5 Ba3 74.
Bd2 Be7 75.Kh5 Kf7 76.Kg4 Bd6 77.h5 Be7 78.Bc3 Bd8 79.Kf4 Bb6 80.Be5 Ba5 
81.Kg5 Bd2+ 82.Bf4 Bb4 83.Be3 Ba3 84.Kh6 Kg8 85.f6 Bb2 86.f7+ Kxf7 87.Kxh7
Bc3 88.Bf4 Bd4 89.Bd2 Bb2 90.Be3 Bc3 91.Kh6 Bf6 92.Bd2 Be7 93.Be3 Bf6 94.
Bc5 Bd8 95.Bd4 Be7 96.Bb6 Bf6 97.Be3 Be7 98.Bd4 Bd8 99.Kh7 Bg5 100.Bc3 Bf4
1/2-1/2

[Event "FIDE World Cup (w)"]
[Site "Khanty-Mansiysk RUS"]
[Date "2012.11.22"]
[Round "4.4"]
[White "Huang Qian"]
[Black "Ju Wenjun"]
[Result "1/2-1/2"]
[WhiteElo "2465"]
[BlackElo "2501"]
[EventDate "2012.11.11"]
[PlyCount "125"]

1.Nf3 d6 2.d4 f5 3.c4 g6 4.Nc3 Nf6 5.g3 Bg7 6.Bg2 O-O 7.O-O c6 8.Rb1 Qe8 
9.d5 c5 10.Ng5 Na6 11.e4 fxe4 12.Ncxe4 Nc7 13.Re1 Nxe4 14.Nxe4 Qf7 15.Be3 
Bf5 16.h3 Rad8 17.Qd2 b6 18.Rbd1 Kh8 19.Ng5 Qf6 20.g4 Bc8 21.b3 Qb2 22.Qd3
Na6 23.Qe4 Rde8 24.Rd2 Qf6 25.Qb1 Nc7 26.Qd1 b5 27.Rde2 Ba6 28.Ne4 Qf7 29.
Qc2 h6 30.Bc1 Kh7 31.h4 Bc8 32.f3 Kg8 33.Bb2 a6 34.Bxg7 Qxg7 35.Qd2 b4 36.
Ng3 a5 37.Re4 Bd7 38.Ne2 Rf6 39.Nf4 Rf7 40.Nd3 e5 41.Nf2 Ref8 42.Nh1 Ne8 
43.Ng3 Rf4 44.a4 Bc8 45.Rxf4 Rxf4 46.Re4 Rxe4 47.Nxe4 Bd7 48.Kf2 Kh7 49.
Kg3 Qe7 50.Bf1 Nf6 51.Bd3 Nxe4+ 52.Bxe4 Kg7 53.Qe3 Qf6 54.Bc2 Be8 55.Be4 
g5 56.hxg5 hxg5 57.Kg2 Qf4 58.Qxf4 exf4 59.Kf2 Kf6 60.Ke2 Ke5 61.Kd3 Bf7 
62.Bf5 Be8 63.Bh7 1/2-1/2

[Event "FIDE World Cup (w)"]
[Site "Khanty-Mansiysk RUS"]
[Date "2012.11.22"]
[Round "4.5"]
[White "Ju Wenjun"]
[Black "Huang Qian"]
[Result "1/2-1/2"]
[WhiteElo "2501"]
[BlackElo "2465"]
[EventDate "2012.11.11"]
[PlyCount "130"]

1.c4 c5 2.Nf3 Nc6 3.d4 cxd4 4.Nxd4 g6 5.e3 Bg7 6.Nc3 Nf6 7.Be2 O-O 8.O-O 
d6 9.b3 Bd7 10.Bb2 a6 11.a3 Rc8 12.Rc1 Re8 13.h3 Nxd4 14.exd4 e5 15.dxe5 
dxe5 16.Nd5 Bc6 17.Nb4 Be4 18.Qxd8 Rcxd8 19.Rfd1 Nd7 20.c5 Nb8 21.f3 Bc6 
22.Kf2 Rxd1 23.Rxd1 Bf8 24.Rc1 f6 25.Nxc6 Nxc6 26.b4 Rd8 27.Rd1 Nd4 28.
Bc4+ Kg7 29.f4 a5 30.Bc3 Be7 31.g3 Kf8 32.Rd2 Rd7 33.g4 g5 34.fxe5 fxe5 
35.Ke3 axb4 36.axb4 Bf6 37.Ke4 Ke7 38.Ra2 Nc6 39.Bd5 Nd4 40.Bc4 Nc6 41.b5 
Nd4 42.Ra7 Ne6 43.Bxe6 Kxe6 44.c6 bxc6 45.Rxd7 Kxd7 46.bxc6+ Kxc6 47.Bxe5 
Be7 48.Kf5 Kd7 49.Bf6 Bf8 50.Bxg5 Bg7 51.Bf6 Bf8 52.Bc3 Be7 53.Bg7 Ke8 54.
Ke6 Bg5 55.Bf6 Bd2 56.Be7 h6 57.Bd6 Bg5 58.Kf5 Kf7 59.Bf4 Bxf4 60.Kxf4 Kg6
61.h4 Kf6 62.Ke4 Ke6 63.Kd4 Kd6 64.Ke4 Ke6 65.Kd4 Kd6 1/2-1/2

[Event "FIDE World Cup (w)"]
[Site "Khanty-Mansiysk RUS"]
[Date "2012.11.22"]
[Round "4.6"]
[White "Huang Qian"]
[Black "Ju Wenjun"]
[Result "0-1"]
[WhiteElo "2465"]
[BlackElo "2501"]
[EventDate "2012.11.11"]
[PlyCount "94"]

1.Nf3 d5 2.d4 Nf6 3.c4 c6 4.Nc3 g6 5.Bf4 dxc4 6.a4 Bg7 7.e4 Bg4 8.Bxc4 
Bxf3 9.gxf3 O-O 10.Be3 a5 11.Qb3 Qc7 12.e5 Nfd7 13.Rc1 Nb6 14.Be2 N8d7 15.
f4 e6 16.h4 h5 17.Nb5 Qd8 18.Nd6 Rb8 19.f5 exf5 20.Bg5 Qc7 21.Nb5 Qc8 22.
Be7 Qe8 23.Bxf8 Bxf8 24.Nc3 c5 25.e6 Qxe6 26.Qxe6 fxe6 27.dxc5 Nxc5 28.Rd1
Nbxa4 29.Nxa4 Nxa4 30.Bc4 Nc5 31.Ke2 b5 32.Ba2 Kf7 33.Rd2 Be7 34.Rc1 a4 
35.Rdc2 Rc8 36.Rd2 Rc7 37.Rd4 Rb7 38.Rc2 b4 39.Bc4 b3 40.Rc1 Bf6 41.Rd6 
Bxb2 42.Rcd1 Rc7 43.Rb6 Bf6 44.Rdd6 a3 45.Rxe6 Nxe6 46.Bxe6+ Kg7 47.Bxb3 
a2 0-1

[Event "FIDE World Cup (w)"]
[Site "Khanty-Mansiysk RUS"]
[Date "2012.11.23"]
[Round "5.1"]
[White "Stefanova, Antoaneta"]
[Black "Harika, Dronavalli"]
[Result "1-0"]
[WhiteElo "2491"]
[BlackElo "2512"]
[EventDate "2012.11.11"]
[PlyCount "77"]

1.d4 e6 2.c4 d5 3.Nc3 Be7 4.Bf4 Nf6 5.e3 O-O 6.a3 Nbd7 7.Nb5 Ne8 8.Nf3 c6 
9.Nc3 f5 10.h3 Nd6 11.cxd5 exd5 12.Bd3 Nf6 13.Ne5 Nfe4 14.Ne2 Nf7 15.O-O 
Bd6 16.Qc2 Qf6 17.f3 Neg5 18.h4 Ne6 19.Bxf5 Nxe5 20.Bxh7+ Kh8 21.dxe5 Bxe5
22.Bxe5 Qxe5 23.Kf2 d4 24.exd4 Nxd4 25.Qe4 Nxf3 26.gxf3 Qh2+ 27.Ke3 Bd7 
28.Rad1 Qc7 29.Qc2 Bh3 30.Rg1 Qb6+ 31.Kd2 Be6 32.Qc3 Rf7 33.Bg6 Rf6 34.Kc1
Qf2 35.Qe5 Kg8 36.Nd4 Ba2 37.Bb1 Bd5 38.Rdf1 Qxh4 39.Rxg7+ 1-0

[Event "FIDE World Cup (w)"]
[Site "Khanty-Mansiysk RUS"]
[Date "2012.11.23"]
[Round "5.1"]
[White "Ushenina, Anna"]
[Black "Ju Wenjun"]
[Result "1/2-1/2"]
[WhiteElo "2452"]
[BlackElo "2501"]
[EventDate "2012.11.11"]
[PlyCount "55"]

1.d4 Nf6 2.c4 g6 3.Nc3 Bg7 4.e4 d6 5.Nf3 O-O 6.h3 e5 7.d5 Nh5 8.g3 a5 9.
Be3 f5 10.exf5 gxf5 11.Nh4 Nf4 12.gxf4 Qxh4 13.Rg1 Qe7 14.Be2 Nd7 15.Qd2 
Rf6 16.Nb5 exf4 17.Bxf4 Ne5 18.O-O-O Bd7 19.Nc3 Rg6 20.Bg5 Bf6 21.Bxf6 
Qxf6 22.f4 Rxg1 23.Rxg1+ Ng6 24.Bh5 Kg7 25.Rg5 Rg8 26.Qf2 b6 27.h4 Kf8 28.
Bxg6 1/2-1/2

[Event "FIDE World Cup (w)"]
[Site "Khanty-Mansiysk RUS"]
[Date "2012.11.28"]
[Round "6.2"]
[White "Stefanova, Antoaneta"]
[Black "Ushenina, Anna"]
[Result "1/2-1/2"]
[WhiteElo "2491"]
[BlackElo "2452"]
[EventDate "2012.11.11"]
[PlyCount "34"]

1.d4 d5 2.c4 e6 3.Nc3 c6 4.e4 Bb4 5.Bd2 dxc4 6.Nf3 b5 7.a4 a5 8.axb5 Bxc3 
9.Bxc3 cxb5 10.Qd2 Nf6 11.Qg5 O-O 12.Qxb5 Nxe4 13.Bxc4 Qc7 14.Qb3 a4 15.
Rxa4 Rxa4 16.Qxa4 Nxc3 17.bxc3 Bb7 1/2-1/2